000 00308nam a22001337a 4500
008 170615b xxu||||| |||| 00| 0 eng d
020 _a9780495007609
041 _aeng
080 _25TH
_a32
100 _a19
101 _aSHP
245 _aCOMPARATIVE POLITCS IN TRANSITION
_cMcCORMICK,J
942 _2udc
_cBK
999 _c17488
_d17488